市町村の合成地名 - Statistics

General Stats
  • This quiz has been taken 31 times
  • The average score is 33 of 258
Answer Stats
Hint 備考 Answer % Correct
秋田県大仙市 大曲市
59%
東京都大田区 大森区
59%
東京都大田区 蒲田区
59%
京都府京田辺市 田辺 田辺町
59%
栃木県那須烏山市 烏山 烏山町
55%
東京都東大和市 大和 大和町
52%
京都府京田辺市 京都府
52%
京都府京丹後市 京都府
52%
京都府京丹後市 丹後 丹後国
45%
京都府船井郡京丹波町 京都府
45%
京都府船井郡京丹波町 丹波 丹波国
45%
青森県北津軽郡中泊町 中里町
41%
秋田県山本郡八峰町 八森町
41%
東京都東大和市 東京都
41%
長野県南佐久郡佐久穂町 佐久 佐久町
41%
滋賀県愛知郡愛荘町 愛知川町
41%
青森県北津軽郡中泊町 小泊村
38%
宮城県亘理郡山元町 山下村
38%
福岡県宮若市 若宮町
38%
茨城県常総市 常陸国
34%
茨城県常総市 下総国
34%
群馬県邑楽郡大泉町 小泉町
34%
埼玉県入間郡毛呂山町 毛呂 毛呂村
34%
長野県東御市 東部町
34%
兵庫県美方郡香美町 香住町
34%
福岡県宮若市 宮田町
34%
秋田県大仙市 仙北郡
31%
福島県双葉郡 二つの葉より双葉郡となった。上から五十音順で回答 楢葉郡
31%
山梨県西八代郡市川三郷町 市川 市川大門町
31%
長野県東御市 北御牧村
31%
鳥取県東伯郡北栄町 北条町
31%
岡山県玉野市 宇野町
31%
福岡県福津市 福間町
31%
福岡県福津市 津屋崎町
31%
秋田県山本郡八峰町 峰浜村
28%
茨城県小美玉市 小川町
28%
茨城県小美玉市 美野里町
28%
茨城県つくばみらい市 つくば 筑波郡
28%
栃木県那須烏山市 那須 南那須町
28%
東京都昭島市 昭和町
28%
東京都昭島市 拝島村
28%
東京都国立市 国分寺駅
28%
東京都国立市 立川駅
28%
長野県南佐久郡佐久穂町 八千穂村
28%
長野県小県郡長和町 長門町
28%
熊本県宇城市 宇土郡
28%
北海道亀田郡七飯町 飯田
24%
北海道斜里郡清里町 斜里町
24%
福島県双葉郡大熊町 大野村
24%
茨城県つくばみらい市 みらい みらい平駅
24%
石川県鳳珠郡 鳳至郡
24%
石川県鳳珠郡 珠洲郡
24%
長野県小県郡長和町 和田村
24%
滋賀県愛知郡愛荘町 秦荘町
24%
鳥取県東伯郡北栄町 大栄町
24%
福岡県嘉穂郡 嘉麻郡
24%
福岡県みやま市 やま(山) 山門郡
24%
北海道斜里郡清里町 小清水村
21%
福島県双葉郡 二つの葉より双葉郡となった。 上から五十音順で回答 標葉郡
21%
石川県羽咋郡宝達志水町 宝達 宝達山
21%
兵庫県神崎郡神河町 神崎町
21%
兵庫県美方郡香美町 美方郡
21%
和歌山県海草郡紀美野町 紀伊国
21%
福岡県嘉穂郡 穂波郡
21%
福岡県築上郡 築城郡
21%
福岡県みやま市 み(三) 三池郡
21%
北海道亀田郡七飯町 七重
17%
青森県下北郡風間浦村 下風呂村
17%
宮城県亘理郡山元町 坂元村
17%
茨城県小美玉市 玉里村
17%
埼玉県和光市 大和町
17%
東京都墨田区 隅田川
17%
石川県羽咋郡宝達志水町 志雄町
17%
石川県羽咋郡宝達志水町 押水町
17%
山梨県西八代郡市川三郷町 三珠町
17%
山梨県西八代郡市川三郷町 六郷町
17%
奈良県山辺郡山添村 山辺郡
17%
奈良県山辺郡山添村 添上郡
17%
香川県三豊市 三野郡
17%
香川県木田郡 三木郡
17%
福岡県築上郡 上毛郡
17%
熊本県玉名郡和水町 三加和町
17%
岩手県気仙郡住田町 上から五十音順で回答 上有住村
14%
岩手県気仙郡住田町 上から五十音順で回答 下有住村
14%
岩手県気仙郡住田町 世田米町
14%
埼玉県日高市 上から五十音順で回答 高麗川村
14%
千葉県長生郡 長柄郡
14%
東京都中野区 中野町
14%
東京都中野区 野方町
14%
兵庫県神崎郡神河町 大河内町
14%
和歌山県海草郡紀美野町 野上町
14%
香川県三豊市 豊田郡
14%
高知県長岡郡大豊町 大杉村
14%
佐賀県三養基郡 三根郡
14%
熊本県玉名郡和水町 菊水町
14%
青森県下北郡風間浦村 蛇浦村
10%
埼玉県八潮市 潮止村
10%
埼玉県日高市 上から五十音順で回答 高麗村
10%
千葉県山武郡 山辺郡
10%
三重県度会郡大紀町 上から五十音順で回答 大内山村
10%
大阪府豊能郡 豊島郡
10%
兵庫県美方郡 二方郡
10%
和歌山県海草郡 海部郡
10%
和歌山県海草郡紀美野町 美里町
10%
鳥取県八頭郡 智頭郡
10%
岡山県赤磐市 赤坂郡
10%
岡山県阿哲郡神郷町 神代村
10%
岡山県阿哲郡神郷町 新郷村
10%
岡山県加賀郡 加茂川町
10%
岡山県加賀郡 賀陽町
10%
愛媛県北宇和郡松野町 松丸町
10%
福岡県行橋市 行事村
10%
福岡県行橋市 大橋村
10%
福岡県田川郡大任町 大行事村
10%
福岡県田川郡大任町 今任原村
10%
佐賀県三養基郡 養父郡
10%
熊本県宇城市 下益城郡
10%
青森県下北郡風間浦村 易国間村
7%
茨城県神栖市 息栖神社
7%
栃木県芳賀郡市貝町 小貝村
7%
群馬県多野郡 多胡郡
7%
群馬県多野郡 緑野郡
7%
群馬県佐波郡 佐位郡
7%
群馬県邑楽郡大泉町 大川村
7%
千葉県山武郡 武射郡
7%
千葉県長生郡 上埴生郡
7%
長野県上高井郡高山村 高井村
7%
岐阜県羽島郡 羽栗郡
7%
岐阜県羽島郡 中島郡
7%
岐阜県海津市 下石津郡
7%
愛知県丹羽郡大口町 大(太) 「太」は4画で縁起が悪いため 太田村
7%
愛知県高浜市 吉浜
7%
三重県度会郡大紀町 上から五十音順で回答 大宮町
7%
三重県度会郡大紀町 紀勢町
7%
京都府久世郡久御山町 久世郡
7%
京都府久世郡久御山町 佐山村
7%
大阪府豊能郡 能瀬郡
7%
兵庫県美方郡 七美郡
7%
和歌山県海草郡 名草郡
7%
鳥取県岩美郡 岩井郡
7%
鳥取県岩美郡 上から五十音順で回答 邑美郡
7%
鳥取県八頭郡 上から五十音順で回答 八東郡
7%
岡山県赤磐市 磐梨郡
7%
岡山県真庭郡、真庭市 大庭郡
7%
香川県綾歌郡 綾(あや) 阿野郡
7%
香川県綾歌郡 歌(うた) 鵜足郡
7%
愛媛県北宇和郡松野町 吉野生村
7%
福岡県粕屋郡久山町 久原村
7%
福岡県粕屋郡久山町 山田村
7%
福岡県三潴郡大木町 上から五十音順で回答 大溝村
7%
佐賀県三養基郡 基肄郡
7%
熊本県上益城郡嘉島町 六嘉村
7%
熊本県球磨郡錦町 し(い) 一武村
7%
秋田県山本郡藤里町 藤琴村
3%
山形県西村山郡西川町 西 西山村
3%
福島県耶麻郡北塩原村 大塩村
3%
福島県耶麻郡北塩原村 檜原村
3%
福島県双葉郡大熊町 熊町村
3%
茨城県神栖市 神之池
3%
群馬県吾妻郡高山村 尻高村
3%
群馬県吾妻郡高山村 中山村
3%
群馬県佐波郡 那波郡
3%
埼玉県和光市 栄光
3%
埼玉県八潮市 上から五十音順で回答 八条村
3%
埼玉県八潮市 上から五十音順で回答 八幡村
3%
東京都墨田区 墨堤
3%
東京都清瀬市 清戸
3%
東京都清瀬市 柳瀬川
3%
神奈川県足柄上郡中井町 中村
3%
神奈川県足柄上郡中井町 井ノ口村
3%
長野県上高井郡高山村 山田村
3%
長野県下伊那郡大鹿村 大河原村
3%
長野県下伊那郡大鹿村 鹿 鹿塩村
3%
岐阜県加茂郡富加町 富田村
3%
岐阜県海津市 海西郡
3%
静岡県駿東郡長泉町 長窪
3%
愛知県蒲郡市 蒲形村
3%
愛知県蒲郡市 西之郡村
3%
愛知県西春日井郡豊山町 豊場村
3%
愛知県西春日井郡豊山町 青山村
3%
愛知県丹羽郡大口町 小口村
3%
愛知県高浜市 高取
3%
京都府久世郡久御山町 御牧村
3%
鳥取県岩美郡 上から五十音順で回答 法美郡
3%
鳥取県八頭郡 上から五十音順で回答 八上郡
3%
岡山県玉野市 玉地区
3%
岡山県浅口郡里庄町 里見村
3%
岡山県真庭郡、真庭市 真島郡
3%
岡山県苫田郡鏡野町 鏡(香々美) 上から五十音順で回答 香々美北村
3%
岡山県苫田郡鏡野町 鏡(香々美) 上から五十音順で回答 香々美南村
3%
岡山県苫田郡鏡野町 上から五十音順で回答 大野村
3%
岡山県苫田郡鏡野町 上から五十音順で回答 芳野村
3%
徳島県板野郡藍住町 住吉村
3%
香川県木田郡 山田郡
3%
高知県長岡郡大豊町 上から五十音順で回答 西豊永村
3%
高知県長岡郡大豊町 上から五十音順で回答 東豊永村
3%
高知県高岡郡日高村 日本
3%
高知県高岡郡日高村 高知県
3%
熊本県球磨郡山江村 山田村
3%
熊本県球磨郡山江村 万江村
3%
熊本県球磨郡錦町 西村
3%
熊本県球磨郡錦町 木上村
3%
宮崎県児湯郡木城町 高城村
3%
北海道瀬棚郡今金町 今村氏
0%
北海道瀬棚郡今金町 金森氏
0%
秋田県山本郡藤里町 素波里
0%
山形県西村山郡西川町 川土居村
0%
福島県岩瀬郡鏡石町 鏡田村
0%
福島県岩瀬郡鏡石町 上から五十音順で回答 笠石村
0%
福島県岩瀬郡鏡石町 上から五十音順で回答 久来石村
0%
福島県安達郡大玉村 大山村
0%
福島県安達郡大玉村 玉井村
0%
福島県石川郡平田村 小平村
0%
福島県石川郡平田村 蓬田村
0%
福島県耶麻郡北塩原村 北山村
0%
福島県相馬郡飯舘村 飯曽村
0%
福島県相馬郡飯舘村 大舘村
0%
栃木県芳賀郡市貝町 市羽村
0%
埼玉県日高市 日和田山
0%
埼玉県入間郡毛呂山町 山根村
0%
埼玉郡南埼玉郡宮代町 姫宮神社
0%
埼玉郡南埼玉郡宮代町 身代神社
0%
千葉県長生郡睦沢町 土睦村
0%
千葉県長生郡睦沢町 瑞沢村
0%
新潟県岩船郡関川村 関谷村
0%
新潟県岩船郡関川村 女川村
0%
山梨県南都留郡忍野村 忍草村
0%
山梨県南都留郡忍野村 内野村
0%
岐阜県加茂郡富加町 加治田村
0%
静岡県駿東郡長泉町 小泉荘
0%
愛知県稲沢市 稲葉村
0%
愛知県稲沢市 小沢村
0%
愛知県知多郡武豊町 武雄神社
0%
愛知県知多郡武豊町 豊石神社
0%
三重県多気郡明和町 斎明村
0%
三重県多気郡明和町 三和村
0%
兵庫県神崎郡福崎町 福田村
0%
兵庫県神崎郡福崎町 山崎村
0%
奈良県吉野郡野迫川村 野川組
0%
奈良県吉野郡野迫川村 迫組
0%
奈良県吉野郡野迫川村 川並組
0%
岡山県浅口郡里庄町 新庄村
0%
徳島県名西郡神山町 神領村
0%
徳島県名西郡神山町 上から五十音順で回答 上分上山村
0%
徳島県名西郡神山町 上から五十音順で回答 下分上山村
0%
徳島県板野郡藍住町 藍園村
0%
高知県幡多郡大月町 大内町
0%
高知県幡多郡大月町 月灘村
0%
福岡県遠賀郡岡垣町 岡県村
0%
福岡県遠賀郡岡垣町 垣崎荘
0%
福岡県三潴郡大木町 上から五十音順で回答 大莞村
0%
福岡県三潴郡大木町 木佐木村
0%
熊本県阿蘇郡西原村 西 山西村
0%
熊本県阿蘇郡西原村 河原村
0%
熊本県上益城郡嘉島町 大島村
0%
宮崎県児湯郡新富町 新田村
0%
宮崎県児湯郡新富町 富田村
0%
宮崎県児湯郡木城町 椎木村
0%
No matching quizzes found
Score Distribution
Percent of People with Each Score
Percentile by Number Answered
Your Score History
You have not taken this quiz